000 00302nam a22001337a 4500
082 _a823
_bSTE/K
245 _aKIDNAPPED
_bSHORT STORY
246 _aKIDNAPPED
_bSHORT STORY
250 _a1996
260 _aDELHI
_bROHAN BOOK COMPANY
_c1996
300 _a221
520 _aCHILDRENS SHORT STORY
942 _cBK
999 _c332
_d332